|
|
|
|
| LEADER |
00000nab a2200000 a 4500 |
| 001 |
vtls000847462 |
| 003 |
SK-MaSNL |
| 005 |
20260304010204.0 |
| 008 |
180207c2003 xo 0 slo |
| 015 |
|
|
|a SNBRB2003/10-27614
|
| 035 |
|
|
|a CLN000199117
|
| 040 |
|
|
|a SNKBUCL
|b slo
|c SNKBUCL
|e AACR2
|
| 041 |
0 |
|
|a slo
|
| 044 |
|
|
|a xo
|c SK
|
| 080 |
|
|
|a 329.12(437.6)ANO:329.051
|2 UDC-MRF-SK2
|
| 100 |
1 |
|
|a Grosmannová, Klára
|4 ain
|9 839068
|
| 245 |
1 |
0 |
|a Vládna kríza hrozí, verím však v zdravý sedliacky rozum
|b s predsedom Strany maďarskej koalície a podpredsedom Národnej rady Slovenskej republiky Bélom Bugárom
|c [zhovárala sa] Klára Grosmannová
|
| 300 |
|
|
|b Fotogr.
|
| 610 |
2 |
7 |
|a Aliancia nového občana (politická strana)
|2 SNKKA
|9 228570
|
| 650 |
0 |
7 |
|a politické strany
|2 SNKPH
|9 3589
|
| 655 |
|
7 |
|a články z novín a časopisov
|2 snkbucl
|9 267496
|
| 700 |
1 |
|
|a Bugár, Béla,
|d 1958-
|4 aut
|4 uin
|9 103270
|
| 773 |
0 |
|
|x 1335-4671
|t Národná obroda
|g Roč. 14, č. 187 (14.8.2003), s. 4
|
| 850 |
|
|
|a Slovenská národná knižnica v Martine
|
| 852 |
|
|
|a SNK
|b KIS3GCP
|
| 958 |
|
|
|a RBX
|
| 999 |
|
|
|c 2559622
|d 2561552
|